000 00340nam a2200157Ia 4500
005 20250425160842.0
008 250425s9999 xx 000 0 und d
041 _aspa
082 _a378.8663
245 0 _aBOLETIN INFORMATIVO
250 _aS.E.
260 _aS.L.
260 _aSin Pais
_bESPOL
_c1971
942 _c01
010 _a6852
999 _c197510
_d197510